Imperative Movie Titles Quiz Stats

 Plays Quiz Updated Jul 2, 2018

Score 0/30 Timer 08:00
2 Plays Today
% Correct
Free Willy
93.2%
Kill BIll
92%
Die Hard
90.8%
Catch Me If You Can
84.3%
Stand by Me
82.4%
Bring It On
73.4%
Get Out
59%
Get Smart
51.9%
Step Up
50%
Dial M for Murder
48.1%
Meet Joe Black
47.6%
Get Shorty
45.9%
Throw Momma from the Train
42.9%
Pay It Forward
42.5%
Stop! Or My Mom Will Shoot
41.5%
% Correct
Do the Right Thing
36.9%
Save the Last Dance
36.3%
Don't Tell Mom the Babysitter's Dead
33.8%
Ride Along
31.9%
Live and Let Die
27.5%
Let the Right One In
25.5%
Whip It
23%
Lean on Me
18%
Drag Me to Hell
15.6%
Inherit the Wind
15.3%
Reign Over Me
13.9%
Sesame Street Presents: Follow That Bird
12.2%
Never Let Me Go
9.6%
Take the Money and Run
8.7%
Cry Freedom
5.8%

You're not logged in!

Compare scores with friends on all Sporcle quizzes.
OR
Log In

Sporcle TV

Today on Sporcle TV


Watch our educational content, quiz creation guides, and fun videos on Sporcle TV.

Show Comments

Extras

Top Quizzes Today


Score Distribution

Your Account Isn't Verified!

In order to create a playlist on Sporcle, you need to verify the email address you used during registration. Go to your Sporcle Settings to finish the process.

Report this User

Report this user for behavior that violates our Community Guidelines.

Details: